THE Game Boy ENCYCLOPEDIA : (Record no. 204283)

MARC details
000 -LEADER
fixed length control field 01081nam a2200289 i 4500
003 - CONTROL NUMBER IDENTIFIER
control field OSt
005 - DATE AND TIME OF LATEST TRANSACTION
control field 20260514154440.0
008 - FIXED-LENGTH DATA ELEMENTS--GENERAL INFORMATION
fixed length control field 260514t20242024 ao fr 001 0beng d
020 ## - INTERNATIONAL STANDARD BOOK NUMBER
International Standard Book Number 9781399096775
Terms of availability RM220.00
Qualifying information paperback
040 ## - CATALOGING SOURCE
Original cataloging agency PPAK
Language of cataloging eng
Transcribing agency PPAK
Description conventions rda
082 04 - DEWEY DECIMAL CLASSIFICATION NUMBER
Edition number 23
Classification number 794.803
090 00 - LOCALLY ASSIGNED LC-TYPE CALL NUMBER (OCLC); LOCAL CALL NUMBER (RLIN)
Classification number (OCLC) (R) ; Classification number, CALL (RLIN) (NR) 794.803
Feature heading SCU
Feature heading R
100 1# - MAIN ENTRY--PERSONAL NAME
Personal name Scullion, Chris,
Relator term author.
245 14 - TITLE STATEMENT
Title THE Game Boy ENCYCLOPEDIA :
Remainder of title Every Game Released for the Nintendo Game Boy and Game Boy Color /
Statement of responsibility, etc. CHRIS SCULLION
264 #1 - PRODUCTION, PUBLICATION, DISTRIBUTION, MANUFACTURE, AND COPYRIGHT NOTICE
Place of production, publication, distribution, manufacture Yorkshire, Philadelphia :
Name of producer, publisher, distributor, manufacturer WHITE OWL, AN IMPRINT OF PEN & SWORD BOOKS LTD.,
Date of production, publication, distribution, manufacture, or copyright notice 2024
Date of production, publication, distribution, manufacture, or copyright notice ©2024
300 ## - PHYSICAL DESCRIPTION
Extent 320 pages ;
Other physical details colour illustrations, colour photographs ;
Dimensions 30 cm
336 ## - CONTENT TYPE
Content type term text
Source rdacontent
337 ## - MEDIA TYPE
Media type term unmediated
Source rdamedia
338 ## - CARRIER TYPE
Carrier type term volume
Source rdacarrier
500 ## - GENERAL NOTE
General note Includes index.
650 10 - SUBJECT ADDED ENTRY--TOPICAL TERM
Topical term or geographic name entry element Video games
General subdivision Equipment and supplies
Form subdivision Encyclopedia
Topical term or geographic name entry element Game Boy video games
Form subdivision Encyclopedia
Topical term or geographic name entry element Nintendo video games
Topical term or geographic name entry element Electronic games industry
General subdivision History
942 ## - ADDED ENTRY ELEMENTS (KOHA)
Source of classification or shelving scheme Dewey Decimal Classification
Koha item type Book

No items available.